Mi perro Roberto (Record no. 661)

MARC details
000 -CABECERA
campo de control de longitud fija 01023nam a22002774n 4500
003 - IDENTIFICADOR DE NUMERO DE CONTROL
campo de control AR-BaSMT
008 - CAMPOS DE LONGITUD FIJA
campo de control de longitud fija 230512t2023 aga|||ar|||| 00| 1 spa d
020 ## - ISBN: Indicadores indefinidos
Número ISBN 9788493755713
040 ## - FUENTE DE CATALOGACION
Agencia de catalogación original BSGB
Idioma de catalogación español
Convenciones de la descripción rda
041 1# - CODIGO DE IDIOMA
Código idioma spa
Idioma original español
080 ## - CDU
CDU completo 82-34
100 1# - PUNTO DE ACCESO PRINCIPAL
Nombre de persona Folgueira, Rodrigo
Enlace autoridades 493
245 10 - MENCION DE TITULO
Título Mi perro Roberto
250 ## - MENCION DE EDICION
Mención de edición Primera edición.
264 #1 - PRODUCCIÓN, PUBLICACIÓN, DISTRIBUCIÓN, ETC.
Lugar de publicación, etc. Buenos Aires :
Nombre editor. unaLuna ,
Fecha 2023.
300 ## - DESCRIPCION FISICA
Extensión 28 páginas :
Otros detalles físicos Ilustraciones a color, Cartoné.
336 ## - TIPO DE CONTENIDO
rdacontent rdacontent
texto texto
txt txt
337 ## - TIPO DE MEDIO
rdamedia rdamedia
sin mediación sin mediación
n n
338 ## - TIPO DE SOPORTE
rdacarrier rdacarrier
volumen volúmen
nc nc
520 ## - NOTA DE SUMARIO, RESUMEN, ETC.
Toda la nota Qué pasa cuando un perro con la boca abierta se traga sin querer un canario? Ésta es la historia de Roberto, un perro al que le ha ocurrido justamente eso. El canario se llama Ignacio y no quiere salir de la panza del perro.
650 #7 - PUNTO DE ACCESO ADICIONAL DE MATERIA – TÉRMINO TEMÁTICO
Enlace autoridades 8
Término de materia o nombre geográfico como elemento de entrada LITERATURA INFANTIL
Subdivisión geográfica Argentina
650 #7 - PUNTO DE ACCESO ADICIONAL DE MATERIA – TÉRMINO TEMÁTICO
Enlace autoridades 23
Término de materia o nombre geográfico como elemento de entrada CUENTO
Subdivisión geográfica Agentina
700 1# - PUNTO DE ACCESO ADICIONAL – NOMBRE DE PERSONA
Apellido, Nombre Bernatene, Poly
Término relacionador: Ilustrador
Enlace autoridades 30
942 ## - ELEMENTOS AGREGADOS (KOHA)
CDU Clasificación decimal universal
Tipo de ítem Libros
Holdings
Disponible Perdido Fuente de clasificación Estado Ubicación permanente Locación actual Estante o sala Fuente de adquisición Número de inventario Total préstamos Signatura topográfica Código de barras Numero de ejemplar Tipo de item de Koha Calificador de localización códificado
    Clasificación Decimal Dewey   Biblioteca Susana G. De Batemarco Biblioteca Susana G. De Batemarco Jardín Compra feria del libro 2026 000965   82-34 FOL 000965 1 Libros  

Powered by Koha